000 00553nam a22001817a 4500
005 20251108172043.0
008 250721s1981 xx 000 0 ara d
082 1 4 _a343.209562/محم
100 1 _aأبو عامر، محمد زكي
245 1 0 _aقانون العقوبات اللبناني :
_bالقسم العام /
264 1 _aبيروت :
_bالدار الجامعية،
_c1981.
300 _a417ص
650 1 7 _aالقانون الجنائي
650 1 7 _aلبنان
650 1 7 _aالعقوبات
942 _2ddc
_cBK
999 _c69274
_d69274